| 000 | 00368nam a2200133Ia 4500 | ||
|---|---|---|---|
| 008 | 210430s9999 xx 000 0 und d | ||
| 020 | _a0-7503-0689-0 | ||
| 082 | _a620.118 B9421 F | ||
| 100 |
_aA R Bunsell _954258 |
||
| 245 |
_aFundamentals of Fibre Reinforced Composite Materials _cA R Bunsell |
||
| 260 |
_aLondon _bIOP _c2005 |
||
| 300 | _a398P | ||
| 942 |
_cBK _2ddc |
||
| 999 |
_c564749 _d564749 |
||